000 01566cam a2200433 i 4500
001 134
003 KOSZ 005
005 20220802133551.0
008 200428s1979 pl a f 000 0 pol
015 _aPB 1979/4644
020 _a8301001208
040 _aWA N
_cWA N
_dKOSZ 005/HR
_dKOSZ 005/RW
046 _k1979
080 _a624.012.4
080 _a666.9
080 _a(075.8)
100 1 _aAjdukiewicz, Andrzej
_d(1939-2021)
_eAutor
245 1 0 _aKonstrukcje sprężone :
_b[skrypt dla studentów wyższych szkół technicznych] /
_cAndrzej Ajdukiewicz, Jakub Mames.
250 _aWydanie 2.
260 _aWarszawa :
_bPaństwowe Wydawnictwo Naukowe,
_c1979.
300 _a353, [3] strony, [1] karta tabllic :
_bilustracje, tablice, wykresy ;
_c24 cm.
336 _aTekst
_btxt
_2rdacontent
337 _aBez urządzenia pośredniczącego
_bn
_2rdamedia
338 _aWolumin
_bnc
_2rdacarrier
380 _aKsiążki
380 _aPublikacje dydaktyczne
388 _a1901-2000
388 _a1945-1989
504 _aBibliografia na stronach 353-[354].
521 8 _aSkrypt dla studentów wyższych szkół technicznych.
650 7 _aBeton sprężony
650 7 _aKonstrukcje betonowe
650 7 _aBudowa i konstrukcje
655 7 _aPodręczniki akademickie
700 1 _aMames, Jakub
_d(1925-2017)
_eAutor
710 2 _aPaństwowe Wydawnictwo Naukowe
_4pbl
856 _uhttp://koha.tu.koszalin.pl/cgi-bin/koha/opac-detail.pl?biblionumber=134
_yKatalog online BPK
942 _2UKD
_cKS
999 _c134
_d134